000 00303nam a22001337a 4500
008 170830b xxu||||| |||| 00| 0 eng d
020 _a9780735598515
041 _aeng
080 _23RD
_a070
100 _a40
101 _aMED
245 _aLEGAL WRITING AND ANALYSIS
_cEDWARDS,L.H
942 _2udc
_cBK
999 _c25641
_d25641